000 00600nam a2200193Ia 4500
005 20250508152618.0
008 008 250505s9999 xx 000 0 eng d
037 _aTextual
040 _aFEDL
_beng
_cFEDL
041 _aeng
_2eng
084 _a810, CLA
_qFEDL
100 _aClark Harry Hayden
245 0 _aJames Russell Lowell: Representative selections, with introduction, bibliography and notes
260 _aNew York, USA
_bAmerican Book Company
_c1947
300 _aclxvi,498p
700 _a Foerster Norman
_9761943
942 _cTEXL
_h810, CLA
999 _c1337592
_d1337592